000 00563nam a2200229Ia 4500
003 OSt
005 20220918204207.0
006 a|||||r|||| 00| 0
007 ta
008 220917b |||||||| |||| 00| 0 eng d
024 _a111,380
037 _cTextual
040 _aARTS
_cARTS
_beng
041 _2eng
_aeng
082 _aV53:1:L8, E3
100 _aHaggard A C P
_9111008
245 0 _aLouis Xl and Charles the Bold
260 _c1913
650 _aHISTORY
942 _hV53:1:L8, E3
_cTEXL
_2CC
999 _c234729
_d234729